Missing Word: Eminem Song Titles (A-Z) Quiz Stats

 Plays Quiz Updated Nov 16, 2017

Score 0/23 Timer 03:00
1 Play Today
Hint Answer % Correct
The Real _____ ShadySlim
94%
Cleanin' _____ My ClosetOut
93.6%
Déjà _____Vu
93.4%
When I'm _____Gone
93.4%
Lose _____Yourself
91.7%
My _____ IsName
91.6%
_____ Lose ItJust
89%
Love the Way You _____Lie
88%
Like _____ SoldiersToy
85.2%
_____ the InfluenceUnder
80.4%
_____ GodRap
71.8%
Sing For the _____Moment
71.2%
Hint Answer % Correct
_____ BackI'm
69.7%
Till I _____Collapse
69.5%
_____ MeWithout
63.1%
White _____America
62.5%
_____ GuyBad
62.3%
_____ DeedsEvil
61.2%
_____ Enemy IPublic
51.5%
Guts Over _____Fear
50.6%
Brain _____Damage
44.3%
_____ Never DieKings
41.9%
Say Goodbye _____Hollywood
32.6%

Today's Daily Dose

Missing Word
Top 10 Artists

Word Ladder
'70s Song II

On This Day
October 20th II

You're not logged in!

Compare scores with friends on all Sporcle quizzes.
Join for Free
OR
Log In

You Might Also Like...

Show Comments

Extras

Top Quizzes Today


Score Distribution

Your Account Isn't Verified!

In order to create a playlist on Sporcle, you need to verify the email address you used during registration. Go to your Sporcle Settings to finish the process.

Report this User

Report this user for behavior that violates our Community Guidelines.

Details: